ბათუმის შოთა რუსთაველის სახელმწიფო უნივერსიტეტის ბიბლიოთეკა

ჩანაწერი Personal Name

ჩანაწერთა რაოდენობა, რომელიც გამოყენებულია: 1

001 - CONTROL NUMBER

  • control field: 22691

003 - CONTROL NUMBER IDENTIFIER

  • control field: GE_BSU

005 - DATE AND TIME OF LATEST TRANSACTION

  • control field: 20240703162807.0

008 - FIXED-LENGTH DATA ELEMENTS

  • fixed length control field: 240703|| aca||aabn | a|a d

040 ## - CATALOGING SOURCE

  • Original cataloging agency: GE_BSU
  • Transcribing agency: GE_BSU

100 ## - HEADING--PERSONAL NAME

  • Personal name: ლობჟანიძე, ელდარი
  • Relator term: ავტორი

670 ## - SOURCE DATA FOUND

  • Source citation: Work cat.: (GE_BSU)45509: Лобжанидзе,Э. Д. 22688, Экология камбиальной активности и формирования древесины /